| 000 | 00332nam a2200133Ia 4500 | ||
|---|---|---|---|
| 008 | 231129s1974||||xx |||||||||||||| ||spa|| | ||
| 040 | _bspa | ||
| 082 | _a150.195 F889yo | ||
| 100 | _aFreud Anna | ||
| 245 | 0 | _aEl yo y los mecanismos de defensa | |
| 260 | _c1974 | ||
| 264 | _aBuenos Aires Argentina : Paidos | ||
| 942 |
_2ddc _cBKS |
||
| 999 |
_c12699 _d12699 |
||